| 000 | 00470 a2200193 4500 | ||
|---|---|---|---|
| 005 | 20260318092633.0 | ||
| 008 | 260316b |||||||| |||| 00| 0 eng d | ||
| 020 |
_a97881965445008 _cRs. 795.00 |
||
| 040 | _aMAIN | ||
| 082 |
_a632 _bS64P(11) |
||
| 100 | _aSingh, R S | ||
| 245 | _aPlant diseases | ||
| 250 | _a11th | ||
| 260 |
_bMedTech Science Press _c2024 _aNew Delhi |
||
| 300 | _axxiii, 821 | ||
| 650 | _aBotany | ||
| 650 | _aPlant Diseases | ||
| 942 | _cBK | ||
| 999 |
_c396054 _d396054 |
||